| 000 | 00785nam a22002175i 4500 | ||
|---|---|---|---|
| 001 | 178369 | ||
| 003 | ES-MaACL | ||
| 005 | 20230906220525.0 | ||
| 008 | 110526s1970 sp |||| | spa d | ||
| 080 | _a929 Bazán, Álvaro de, Marqués de Santa Cruz | ||
| 100 | 1 |
_aTéllez, José. _9146713 |
|
| 245 | 1 | 0 |
_aDon Álvaro de Bazán / _cpor José Téllez. |
| 260 |
_aMadrid : _bDelblan, _cD. L. 1970. |
||
| 300 |
_a16 p. ; _c16 cm. |
||
| 490 | 1 |
_aMosaico cultural. Los grandes capitanes ; _v20 |
|
| 500 | _aEncuadernado con otros títulos. | ||
| 600 | 1 | 4 |
_aBazán, Álvaro de _cMarqués de Santa Cruz ( _d1526-1588)- _vBiografías. _9146740 |
| 830 | 0 |
_aMosaico cultural. Los grandes capitanes ; _v20 _9190913 |
|
| 852 |
_aES-MaACL _jE-15197 (20) _xOlim P-1923 |
||
| 999 |
_c178369 _d178369 |
||